Регионална библиотека "Любен Каравелов" - Русе

Подслушвачът (Запис номер 191612)

MARC детайли
000 -Лидер
Контролно поле с фиксирана дължина 01213nam a2200313 a 4500
003 - Код на организацията, давaща контролен номер
Контролно поле BLK
005 - Дата и час на последна редакция
Контролно поле 20250715125250.0
008 - Елементи от данни с фиксирана дължина
fixed length control field 180411b bul|||||r ||||||| ||bul||
010 ## - Наследен системен номер
LC control number KNG00200773000
040 ## - Източник на каталожния запис
Идентификатор на билиотеката - собственик на записа BLK
041 ## - Код за език
Код за езика на текст/звукозапис или на отделно заглавие Български
Код за езика КДБФ Български
080 ## - УДК
Текстов определител УДК Австрийска литература
УДК код - определител по УДК 821.112(436)
УДК определител -3
УДК - код + определител 821.112(436)-3
100 ## - Редна дума - Автор
Автор Канети, Елиас
Дати, свързани с автора 1905 - 1994
Автор - информация (биография) Австрийски писател - нобелист, роден в Русе
Авторска отговорност първи автор
R(LIN) 367554
139 ## - Редно поле
Редна дума Канети, Елиас
Авторски знак Канг - К 25
245 10 - Сведения за заглавието
Заглавие Подслушвачът
Подзаглавни данни Петдесет характера : Худож. проза
Редно поле (дума) Елиас Канети; прев. от нем. Мила Аройо.
257 ## - Страна на издаване
Страна на създаване/издаване Австрия
260 ## - Област на издателските данни
Място на издаване, разпространение и проч. София
Име на издателя, разпространителя и проч. Дикта-Орбис
Година на издаване 1992
300 ## - Физическа характеристика
Страници 109 с.
Размери/Мащаб 20 см
380 ## - Жанр
Жанр Худож. лит.
700 1# - Други автори (авторска отговорност)
Лично име Аройо, Мила
Автороска отговорност (Описва отношението между автора и произведението) прев. от нем.
9 (RLIN) 345565
852 ## - Местоположение
Форматна сигнатура Цб 171080
Фондова буква Хранилище
856 4# - Електронен адрес и достъп
Електронен формат pdf - файл
Инструкция (цена за достъп) 0.00
Права за достъп disable
856 4# - Електронен адрес и достъп
Електронен формат pdf - файл
Инструкция (цена за достъп) 0.00
Права за достъп disable
999 ## - СИСТЕМНИ КОНТРОЛНИ НОМЕРА
Koha biblionumber 191612
Koha biblioitemnumber 191612
942 ## - АРТИКУЛИ
Вид на библиотечния материал Книги
Скрит в OPAC Не
Koha issues (borrowed), all copies 5
Периодичен библиозапис Да
944 ## - СЪЗДАВАНЕ И РЕДАКЦИЯ на ЗАПИСА
Създаване/Редакция Създаване
Дата на регистрацията/редакция 13.02.2017
Служител, извършил регистрацията/редакцията 30558
Статус, дата на статуса Валя Йорданова
944 ## - СЪЗДАВАНЕ И РЕДАКЦИЯ на ЗАПИСА
Създаване/Редакция Редакция
Дата на регистрацията/редакция 13.02.2017
Служител, извършил регистрацията/редакцията Станимира_Цанева
999 ## - СИСТЕМНИ КОНТРОЛНИ НОМЕРА
Koha biblioitemnumber 191612
999 ## - СИСТЕМНИ КОНТРОЛНИ НОМЕРА
Koha biblioitemnumber 191612
Наличности
Код за отписване Код за изгубен артикул Източник на класификационната схема Код за повреда Коз за рестрикции Код за отдаване Артикулен № Име на библиотеката - собственик Име на библиотеката, в която се намира в момента Статус (Текущо местоположение) Дата на вписване в системата Местоположение - отдел Цена в лева Инвентарен номер Систематично азбучна сигнатура Баркод Номер на екземпляра Цена в евро Служебна бележка Служебен тип на артикула
  Не е изгубен Universal Decimal Classification Не е повреден без рестрикции ползва се в читалня 336501 Регионална библиотека "Любен Каравелов" Русе Регионална библиотека "Любен Каравелов" Русе Хранилище 1992-01-01 Хранилище 9.70 575330 Цб 171080 120000575330 1 4.96 N: стар фонд Дата: 01.01.1992 Книги
  Не е изгубен Universal Decimal Classification Не е повреден без рестрикции заемане за дома 872776 Регионална библиотека "Любен Каравелов" Русе Регионална библиотека "Любен Каравелов" Русе Заемна - подръчен фонд 2022-02-21 Заемна - подръчен фонд 9.70   821-32/К 25 Е 120000866276   4.96   Книги
Vip Innovations Ltd, Rousse, Bulgaria 2025